Uma corrida de vassouras (Registo nº 18617)

Detalhes MARC
000 -Etiqueta do registo
Valores 00549nam a22002051i 4500
010 ## - Número ISBN
ISBN 9789727595488
090 ## -
-- 18617
100 ## - Dados gerais de processamento
Dados gerais 20170304u u u0frey50 ba
101 0# - Língua de publicação
-- por
200 1# - Titulo e menção de responsabilidade
Primeira menção de responsabilidade Nicha Alvim
Título próprio Uma corrida de vassouras
210 ## - Publicação
Nome do editor Temas e Debates
Local de publicação Lisboa
Data de publicação 2002
215 ## - Descrição física 
Paginação / Volumes [30] p.
Dimensões 22 cm
225 2# - Colecção 
Título próprio da colecção As histórias da bruxa cornélia
606 ## - Nome comum usado como assunto
ID Autoridade 187
Palavra de ordem Histórias para crianças
675 ## - CDU
Notação 8:087.5
-- 69
700 #1 - Autor principal (pessoa individual)
Apelido Alvim
Nome Nicha
-- 070
701 #1 - Co-autor principal (pessoa individual)
Apelido Matoso
Nome Madalena
-- 440
ID Autoridade 2369
801 ## - Fonte de origem
País PT
Regras de catalogação RPC
990 ## - Elementos KOHA
Tipo de documento Livro
Exemplares
Situação do levantamento Estado Biblioteca de origem Biblioteca de empréstimo Código de barras Cota Permissão de empréstimo Tipo de documento Nota relativa ao exemplar
  Completo Biblioteca Municipal de Viana Do Alentejo Biblioteca Municipal de Viana Do Alentejo Pólo Aguiar 0029365 8 ALV Disponível Livro 6-10 anos
  Completo Biblioteca Municipal de Viana Do Alentejo Pólo Alcáçovas Biblioteca Municipal de Viana Do Alentejo Pólo Alcáçovas 0003192AL 8 ALV Disponível Livro 6-10 anos




Powered by Koha